[Event "Quebec-ch B U20 Pepsico"]
[Site "Montreal CAN"]
[Date "2012.02.11"]
[Round "3"]
[White "Yang, Eddie"]
[Black "Saine, Zachary"]
[Result "1-0"]
[WhiteElo "1353"]
[BlackElo "1284"]
[PlyCount "123"]
[GameId "2160767909572618"]
[EventDate "2012.02.10"]
[EventType "swiss"]
[EventRounds "5"]
[EventCountry "CAN"]
[SourceTitle "EXT 2022"]
[Source "ChessBase"]
[SourceDate "2021.10.06"]
[SourceVersion "1"]
[SourceVersionDate "2021.10.06"]
[SourceQuality "1"]

1. d4 d5 2. c4 e6 3. Nc3 Nf6 4. Bg5 Be7 5. e3 c6 6. cxd5 exd5 7. Bd3 O-O 8. Nf3 Bg4 9. h3 Bh5 10. O-O Ne4 11. Bf4 Nxc3 12. bxc3 Nd7 13. Be2 Nf6 14. Rb1 Rb8 15. Bxb8 Qxb8 16. Ne5 Bxe2 17. Qxe2 Qc7 18. Qc2 Bd6 19. Nf3 b6 20. c4 c5 21. cxd5 Nxd5 22. e4 Nf4 23. Rfe1 Rd8 24. d5 Ng6 25. Qc3 Ne5 26. Nh4 f6 27. f4 Nf7 28. e5 fxe5 29. Nf5 Bf8 30. Rbd1 exf4 31. d6 Nxd6 32. Re7 Rd7 33. Rxd7 Qxd7 34. Nxd6 Qa4 35. Qb3+ Qxb3 36. axb3 a6 37. Nc8 b5 38. Ra1 c4 39. bxc4 bxc4 40. Rxa6 c3 41. Nd6 Bxd6 42. Rxd6 c2 43. Rc6 c1=Q+ 44. Rxc1 Kf7 45. Kf2 Kg6 46. Kf3 Kg5 47. Rc4 Kh5 48. Kxf4 g5+ 49. Kg3 h6 50. Rd4 g4 51. Rd5+ Kg6 52. Kxg4 Kh7 53. Kf5 Kg7 54. Rd7+ Kf8 55. Kf6 Ke8 56. Rh7 Kd8 57. Ke6 Kc8 58. Kd6 Kb8 59. Kc6 h5 60. h4 Ka8 61. Kb6 Kb8 62. Rh8# 1-0

[Event "Quebec-ch B U20 Pepsico"]
[Site "Montreal CAN"]
[Date "2012.02.12"]
[Round "4"]
[White "Bershtein, Anry Samuel"]
[Black "Rodrigue-Lemieux, Shawn"]
[Result "0-1"]
[WhiteElo "1192"]
[BlackElo "770"]
[PlyCount "84"]
[GameId "2160767909572619"]
[EventDate "2012.02.10"]
[EventType "swiss"]
[EventRounds "5"]
[EventCountry "CAN"]
[SourceTitle "EXT 2022"]
[Source "ChessBase"]
[SourceDate "2021.10.06"]
[SourceVersion "1"]
[SourceVersionDate "2021.10.06"]
[SourceQuality "1"]

1. e4 e5 2. Nf3 d6 3. Nc3 Bg4 4. h3 Bxf3 5. Qxf3 Nc6 6. Bb5 Nge7 7. O-O a6 8. Ba4 f6 9. Nd5 b5 10. Bb3 Nxd5 11. exd5 Nd4 12. Qc3 Ne2+ 13. Kh1 Nxc3 14. dxc3 a5 15. a4 b4 16. cxb4 axb4 17. Bd2 Rb8 18. a5 Be7 19. Ba4+ Kf7 20. a6 Ra8 21. Bc6 Rb8 22. a7 Ra8 23. Bxa8 Qxa8 24. Bxb4 Qxd5 25. Ra5 Qb7 26. c3 Ra8 27. Rfa1 c5 28. Ba3 Rxa7 29. Rxa7 Qxa7 30. b4 cxb4 31. cxb4 d5 32. Kg1 Bxb4 33. Bb2 Qb6 34. Ba3 Bxa3 35. Rxa3 e4 36. Kf1 Qb5+ 37. Kg1 Kg6 38. Rg3+ Kf5 39. Rxg7 e3 40. fxe3 Ke6 41. Rxh7 Qb1+ 42. Kf2 Qxh7 0-1

[Event "Quebec-ch B U20 Pepsico"]
[Site "Montreal CAN"]
[Date "2012.02.12"]
[Round "4"]
[White "Bissonnette, Raphael"]
[Black "Saine, Zachary"]
[Result "1-0"]
[WhiteElo "1142"]
[BlackElo "1284"]
[PlyCount "87"]
[GameId "2160767909572620"]
[EventDate "2012.02.10"]
[EventType "swiss"]
[EventRounds "5"]
[EventCountry "CAN"]
[SourceTitle "EXT 2022"]
[Source "ChessBase"]
[SourceDate "2021.10.06"]
[SourceVersion "1"]
[SourceVersionDate "2021.10.06"]
[SourceQuality "1"]

1. e4 e5 2. Nf3 Nc6 3. Bb5 a6 4. Ba4 Nf6 5. O-O Be7 6. Re1 O-O 7. c3 b5 8. Bc2 d6 9. a4 b4 10. d4 bxc3 11. bxc3 exd4 12. cxd4 Bg4 13. Be3 Nb4 14. Nbd2 Nxc2 15. Qxc2 Re8 16. h3 Bh5 17. Rac1 Rc8 18. Qc6 Qd7 19. Qxd7 Nxd7 20. Rc6 Nb6 21. a5 Na4 22. Ra1 Nb2 23. Rxa6 Ra8 24. Rxa8 Rxa8 25. a6 Bxf3 26. gxf3 Nd3 27. a7 Nb4 28. d5 c6 29. Ra4 c5 30. Nc4 Bd8 31. Bf4 Nc2 32. Bxd6 Ne1 33. Bxc5 Nxf3+ 34. Kf1 Ng5 35. Be7 Bxe7 36. Nb6 Rxa7 37. Rxa7 Kf8 38. Ra8+ Bd8 39. Rxd8+ Ke7 40. Rd7+ Ke8 41. e5 h5 42. Ra7 h4 43. d6 Nf3 44. Ra8# 1-0

[Event "Quebec-ch B U20 Pepsico"]
[Site "Montreal CAN"]
[Date "2012.02.12"]
[Round "4"]
[White "Cassista, Jeremie"]
[Black "Morin-Pare, Victor"]
[Result "0-1"]
[WhiteElo "857"]
[BlackElo "1295"]
[PlyCount "110"]
[GameId "2160767909572621"]
[EventDate "2012.02.10"]
[EventType "swiss"]
[EventRounds "5"]
[EventCountry "CAN"]
[SourceTitle "EXT 2022"]
[Source "ChessBase"]
[SourceDate "2021.10.06"]
[SourceVersion "1"]
[SourceVersionDate "2021.10.06"]
[SourceQuality "1"]

1. e4 e5 2. Bc4 Nf6 3. Nc3 Bc5 4. Nf3 O-O 5. O-O Nc6 6. d3 a6 7. a3 d6 8. Bg5 Bg4 9. h3 Bh5 10. Nd5 Nd4 11. Nxf6+ gxf6 12. Bh6 Nxf3+ 13. gxf3 Re8 14. Kh1 Qd7 15. Kh2 Kh8 16. Qe2 Rg8 17. Rg1 f5 18. Rg5 Bg6 19. Qd2 f4 20. Qc3 f6 21. Bxg8 fxg5 22. Ba2 Qe7 23. Kg2 Be8 24. Qb3 Bd7 25. Qxb7 Rc8 26. Qxa6 Qf6 27. Bxg5 Qxg5+ 28. Kf1 Bxh3+ 29. Ke2 Qg2 30. Kd2 Qxf2+ 31. Kc3 Bd4+ 32. Kc4 Be6+ 33. Kb5 Rb8+ 34. Kc6 Rb6+ 35. Qxb6 Bxb6 36. Bxe6 Qxc2+ 37. Kd7 Qa4+ 38. Ke7 Qa8 39. Rh1 Kg7 40. Bf5 Qf8+ 41. Kd7 h5 42. Rh2 Kh6 43. Bg4 Qg7+ 44. Kc6 Qg6 45. Kb5 Qe8+ 46. Kb4 c5+ 47. Kc4 Qa4+ 48. Kd5 Qb3+ 49. Kxd6 Qxd3+ 50. Kxe5 Bc7+ 51. Kf6 Qd6+ 52. Kf7 Qg6+ 53. Ke7 Kg7 54. Bxh5 Qd6+ 55. Ke8 Qd8# 0-1

[Event "Quebec-ch B U20 Pepsico"]
[Site "Montreal CAN"]
[Date "2012.02.12"]
[Round "4"]
[White "Kravets, Michael"]
[Black "Guan, Zi Yu"]
[Result "1-0"]
[WhiteElo "1390"]
[BlackElo "982"]
[PlyCount "99"]
[GameId "2160767909572622"]
[EventDate "2012.02.10"]
[EventType "swiss"]
[EventRounds "5"]
[EventCountry "CAN"]
[SourceTitle "EXT 2022"]
[Source "ChessBase"]
[SourceDate "2021.10.06"]
[SourceVersion "1"]
[SourceVersionDate "2021.10.06"]
[SourceQuality "1"]

1. e4 c5 2. Bc4 e6 3. Nc3 Nc6 4. Nf3 d5 5. exd5 exd5 6. Bxd5 Nf6 7. Bxc6+ bxc6 8. O-O Be7 9. d3 O-O 10. Bf4 Nd5 11. Nxd5 cxd5 12. c4 Bg4 13. Re1 Re8 14. b3 Bf6 15. Rxe8+ Qxe8 16. Rb1 Qe7 17. h3 Bxf3 18. Qxf3 Re8 19. Bd2 Bg5 20. Bxg5 Qxg5 21. g3 dxc4 22. dxc4 Qg6 23. Rd1 Qc2 24. Rd7 f6 25. Rxa7 Qd1+ 26. Kg2 Kf8 27. Qd5 Re7 28. Qxc5 Qe1 29. Rxe7 Qxe7 30. Qxe7+ Kxe7 31. a4 Kd7 32. b4 Kc6 33. b5+ Kb6 34. Kf3 Kc5 35. a5 Kd6 36. a6 Kc7 37. a7 Kb7 38. b6 g5 39. c5 Ka8 40. c6 h6 41. c7 Kb7 42. c8=Q+ Kxc8 43. a8=Q+ Kd7 44. b7 h5 45. b8=Q g4+ 46. hxg4 hxg4+ 47. Kxg4 f5+ 48. Kf4 Ke7 49. Qb6 Kd7 50. Qad8# 1-0

[Event "Quebec-ch B U20 Pepsico"]
[Site "Montreal CAN"]
[Date "2012.02.12"]
[Round "4"]
[White "Luo, Muhan"]
[Black "Subotyak, Ivan"]
[Result "1-0"]
[WhiteElo "1364"]
[BlackElo "1354"]
[PlyCount "80"]
[GameId "2160767909572623"]
[EventDate "2012.02.10"]
[EventType "swiss"]
[EventRounds "5"]
[EventCountry "CAN"]
[SourceTitle "EXT 2022"]
[Source "ChessBase"]
[SourceDate "2021.10.06"]
[SourceVersion "1"]
[SourceVersionDate "2021.10.06"]
[SourceQuality "1"]

1. d4 d5 2. c4 e6 3. Nf3 Nf6 4. e3 c5 5. Nc3 Be7 6. Bd3 Nc6 7. a3 Qc7 8. O-O a6 9. a4 Nb4 10. Ne5 cxd4 11. exd4 Nxd3 12. Qxd3 dxc4 13. Qxc4 Qxc4 14. Nxc4 h6 15. Bf4 Bd7 16. Nb6 Rd8 17. Bc7 O-O 18. Bxd8 Rxd8 19. d5 exd5 20. Ncxd5 Nxd5 21. Nxd5 Bc5 22. Rad1 Bc6 23. Nf6+ gxf6 24. Rxd8+ Kg7 25. b3 Bb4 26. Rfd1 f5 27. h3 Ba5 28. R8d3 Bb6 29. Rd6 Bc7 30. Rxc6 bxc6 31. Rc1 a5 32. Rxc6 Bd8 33. f3 f6 34. g4 fxg4 35. hxg4 Kg6 36. f4 Be7 37. Kf2 h5 38. gxh5+ Kxh5 39. Ra6 Bd8 40. Kf3 Kh4 1-0

[Event "Quebec-ch B U20 Pepsico"]
[Site "Montreal CAN"]
[Date "2012.02.12"]
[Round "4"]
[White "Plante, Santiago"]
[Black "Wang, Bing Kun"]
[Result "0-1"]
[WhiteElo "1228"]
[BlackElo "1482"]
[PlyCount "70"]
[GameId "2160767909572624"]
[EventDate "2012.02.10"]
[EventType "swiss"]
[EventRounds "5"]
[EventCountry "CAN"]
[SourceTitle "EXT 2022"]
[Source "ChessBase"]
[SourceDate "2021.10.06"]
[SourceVersion "1"]
[SourceVersionDate "2021.10.06"]
[SourceQuality "1"]

1. e4 c5 2. Nf3 d6 3. d4 cxd4 4. Nxd4 Nf6 5. Nc3 g6 6. Be3 Bg7 7. f3 O-O 8. Qd2 Nc6 9. O-O-O Re8 10. Bc4 a6 11. g4 Bd7 12. h4 b5 13. Bb3 Rc8 14. h5 Qa5 15. hxg6 hxg6 16. Nxc6 Rxc6 17. Bd4 e5 18. Be3 Be6 19. Bxe6 Rxe6 20. Kb1 Rc4 21. Nd5 Qxd2 22. Nxf6+ Rxf6 23. Rxd2 Rxf3 24. Bg5 Rd4 25. Rdh2 Rxe4 26. Be7 d5 27. g5 Ref4 28. Rc1 e4 29. a3 e3 30. Ka2 Rf2 31. Rh3 e2 32. Rch1 Rf1 33. Bf6 Rxh1 34. Rxh1 Bxf6 35. gxf6 Rxf6 0-1

[Event "Quebec-ch B U20 Pepsico"]
[Site "Montreal CAN"]
[Date "2012.02.12"]
[Round "4"]
[White "Roussel, Lauriane"]
[Black "Serban, Diana"]
[Result "1-0"]
[WhiteElo "1003"]
[BlackElo "1071"]
[PlyCount "133"]
[GameId "2160767909572625"]
[EventDate "2012.02.10"]
[EventType "swiss"]
[EventRounds "5"]
[EventCountry "CAN"]
[SourceTitle "EXT 2022"]
[Source "ChessBase"]
[SourceDate "2021.10.06"]
[SourceVersion "1"]
[SourceVersionDate "2021.10.06"]
[SourceQuality "1"]

1. e4 c5 2. Nf3 d6 3. d4 cxd4 4. Nxd4 Nf6 5. Nc3 g6 6. Bc4 Nc6 7. Nf3 Bg7 8. O-O O-O 9. Re1 Na5 10. Bb3 Nxb3 11. axb3 Be6 12. e5 dxe5 13. Qxd8 Rfxd8 14. Nxe5 a6 15. Bf4 Rac8 16. Rad1 Ng4 17. Rxd8+ Rxd8 18. Nxg4 Bxg4 19. f3 Be6 20. Be5 Bxe5 21. Rxe5 Rd2 22. Re2 Rxe2 23. Nxe2 Kg7 24. Kf2 Kf6 25. Ke3 g5 26. h3 h5 27. f4 gxf4+ 28. Nxf4 h4 29. Kf3 Bf5 30. c3 e5 31. Ne2 Kg5 32. Ng1 e4+ 33. Ke3 Bg6 34. Ne2 Bh5 35. g4 hxg3 36. Nxg3 Bf3 37. Nxe4+ Bxe4 38. Kxe4 Kh4 39. Kf5 Kxh3 40. Kf6 Kg3 41. Kxf7 Kf3 42. Ke7 Ke3 43. Kd7 Kd3 44. Kc7 b5 45. Kb6 Kc2 46. Kxa6 Kxb3 47. Kxb5 Kxb2 48. c4 Kc3 49. c5 Kd4 50. Kb6 Kd5 51. c6 Kd6 52. Kb7 Kd5 53. c7 Kd6 54. c8=Q Ke5 55. Qc6 Kd4 56. Kb6 Ke5 57. Kb5 Kd4 58. Qc5+ Ke4 59. Kc4 Kf4 60. Kd4 Kf3 61. Qe5 Kf2 62. Qe3+ Kg2 63. Ke4 Kf1 64. Qd2 Kg1 65. Kf3 Kh1 66. Kg3 Kg1 67. Qg2# 1-0

[Event "Quebec-ch B U20 Pepsico"]
[Site "Montreal CAN"]
[Date "2012.02.12"]
[Round "4"]
[White "Saha, Ananda"]
[Black "Yang, Eddie"]
[Result "0-1"]
[WhiteElo "1351"]
[BlackElo "1353"]
[PlyCount "116"]
[GameId "2160767909572626"]
[EventDate "2012.02.10"]
[EventType "swiss"]
[EventRounds "5"]
[EventCountry "CAN"]
[SourceTitle "EXT 2022"]
[Source "ChessBase"]
[SourceDate "2021.10.06"]
[SourceVersion "1"]
[SourceVersionDate "2021.10.06"]
[SourceQuality "1"]

1. d4 Nf6 2. c4 e6 3. Nc3 Bb4 4. Bd2 O-O 5. a3 Bxc3 6. Bxc3 d5 7. e3 a6 8. Nf3 dxc4 9. Bxc4 b5 10. Bd3 Bb7 11. Qc2 h6 12. h3 Nbd7 13. O-O-O Nb6 14. e4 Na4 15. Bb4 Re8 16. e5 Nd5 17. Bc5 Nab6 18. Rhg1 Qd7 19. Nd2 a5 20. b4 axb4 21. axb4 Ra1+ 22. Kb2 Ra4 23. Kb3 Rea8 24. Qb2 Ra3+ 25. Qxa3 Rxa3+ 26. Kxa3 Nf4 27. Bxb6 Nxd3 28. Nb3 Nxf2 29. Rd2 Ne4 30. Nc5 Nxc5 31. Bxc5 Bd5 32. g3 c6 33. Kb2 Qd8 34. h4 g5 35. Rdd1 Kh7 36. Rdf1 Qg8 37. h5 g4 38. Be7 f5 39. Ra1 Qe8 40. Ra7 Kg8 41. Rga1 c5 42. bxc5 Qxh5 43. Bh4 Qe8 44. Re7 Qc6 45. Raa7 Bc4 46. Rg7+ Kf8 47. Rh7 Qg2+ 48. Kc3 Kg8 49. Rag7+ Kf8 50. Be7+ Ke8 51. Rh8+ Kd7 52. Bd6+ Kc6 53. Rc7+ Kd5 54. c6 Qa2 55. Rxh6 Qb3+ 56. Kd2 Qb2+ 57. Kd1 Be2+ 58. Ke1 Bf3 0-1

[Event "Quebec-ch B U20 Pepsico"]
[Site "Montreal CAN"]
[Date "2012.02.12"]
[Round "4"]
[White "Tuncbilek, Emir"]
[Black "Tinica, Sabina"]
[Result "0-1"]
[WhiteElo "618"]
[BlackElo "961"]
[PlyCount "60"]
[GameId "2160767909572627"]
[EventDate "2012.02.10"]
[EventType "swiss"]
[EventRounds "5"]
[EventCountry "CAN"]
[SourceTitle "EXT 2022"]
[Source "ChessBase"]
[SourceDate "2021.10.06"]
[SourceVersion "1"]
[SourceVersionDate "2021.10.06"]
[SourceQuality "1"]

1. d4 g6 2. Nf3 Nf6 3. Nc3 Bg7 4. e4 d6 5. Bf4 Nc6 6. d5 Nb8 7. Bd3 Bg4 8. Qe2 O-O 9. O-O-O a5 10. h3 Bd7 11. Bg5 a4 12. a3 Na6 13. Bxa6 Rxa6 14. Nd4 Ra5 15. Bd2 Ra8 16. Ndb5 c6 17. Nd4 c5 18. Ncb5 cxd4 19. Nxd4 Qc7 20. Qd3 Rfc8 21. Kb1 Qc4 22. Qxc4 Rxc4 23. Bg5 Nxe4 24. b3 axb3 25. cxb3 Rcc8 26. Bxe7 Nxf2 27. Bxd6 Nxh1 28. Rxh1 Bxd4 29. h4 Bf5+ 30. Ka2 Rc2+ 0-1

[Event "Quebec-ch B U20 Pepsico"]
[Site "Montreal CAN"]
[Date "2012.02.12"]
[Round "4"]
[White "Utepova, Alika"]
[Black "Nazarian, Arash"]
[Result "0-1"]
[WhiteElo "1285"]
[BlackElo "1297"]
[PlyCount "72"]
[GameId "2160767909572628"]
[EventDate "2012.02.10"]
[EventType "swiss"]
[EventRounds "5"]
[EventCountry "CAN"]
[SourceTitle "EXT 2022"]
[Source "ChessBase"]
[SourceDate "2021.10.06"]
[SourceVersion "1"]
[SourceVersionDate "2021.10.06"]
[SourceQuality "1"]

1. d4 d5 2. c4 e6 3. Nf3 Nf6 4. Nc3 Be7 5. e3 Nbd7 6. cxd5 exd5 7. Bd3 a6 8. Bd2 b5 9. a3 Bb7 10. Rc1 c5 11. Na2 Rc8 12. Bc3 O-O 13. O-O Re8 14. Bf5 Ne4 15. Ne5 Bc6 16. Ba5 Qxa5 17. Nxc6 Qc7 18. Nxe7+ Rxe7 19. dxc5 Re5 20. c6 Rxf5 21. cxd7 Qxd7 22. Rxc8+ Qxc8 23. Qg4 h5 24. Qd1 Qc4 25. b3 Qc5 26. Nb4 a5 27. Nc2 Re5 28. f4 Re7 29. a4 b4 30. Kh1 Nc3 31. Qxh5 Nxa4 32. Nxb4 axb4 33. bxa4 b3 34. Qe2 Qc4 35. Qd1 Re6 36. a5 Rxe3 0-1

[Event "Quebec-ch B U20 Pepsico"]
[Site "Montreal CAN"]
[Date "2012.02.12"]
[Round "4"]
[White "Zhang, Hou Han"]
[Black "Ouellet, Maili-Jade"]
[Result "1/2-1/2"]
[WhiteElo "1261"]
[BlackElo "1197"]
[PlyCount "61"]
[GameId "2160767909572629"]
[EventDate "2012.02.10"]
[EventType "swiss"]
[EventRounds "5"]
[EventCountry "CAN"]
[SourceTitle "EXT 2022"]
[Source "ChessBase"]
[SourceDate "2021.10.06"]
[SourceVersion "1"]
[SourceVersionDate "2021.10.06"]
[SourceQuality "1"]

1. e4 c5 2. Nf3 Nc6 3. d4 cxd4 4. Nxd4 e5 5. Nb3 Nf6 6. f3 h6 7. Be3 Be7 8. Bc4 a6 9. a4 O-O 10. O-O Re8 11. N1d2 d5 12. exd5 Nxd5 13. Bxd5 Qxd5 14. Ne4 Qxd1 15. Raxd1 Bf5 16. Rd2 Rad8 17. Rfd1 Rxd2 18. Rxd2 Bxe4 19. fxe4 Rd8 20. Rxd8+ Bxd8 21. Nc5 Bb6 22. c3 Na5 23. b4 Nc4 24. Kf2 Nxe3 25. Kxe3 Bxc5+ 26. bxc5 Kf8 27. Kd3 Ke7 28. Kc4 Kd7 29. Kd5 f6 30. a5 h5 31. h3 1/2-1/2

[Event "Quebec-ch B U20 Pepsico"]
[Site "Montreal CAN"]
[Date "2012.02.12"]
[Round "5"]
[White "Kravets, Michael"]
[Black "Zhang, Hou Han"]
[Result "0-1"]
[WhiteElo "1390"]
[BlackElo "1261"]
[PlyCount "150"]
[GameId "2160767909572630"]
[EventDate "2012.02.10"]
[EventType "swiss"]
[EventRounds "5"]
[EventCountry "CAN"]
[SourceTitle "EXT 2022"]
[Source "ChessBase"]
[SourceDate "2021.10.06"]
[SourceVersion "1"]
[SourceVersionDate "2021.10.06"]
[SourceQuality "1"]

1. e4 e6 2. Nc3 d5 3. exd5 exd5 4. d4 Bf5 5. Bd3 Bxd3 6. Qxd3 c6 7. Nf3 Bd6 8. O-O Ne7 9. Bg5 O-O 10. Bxe7 Qxe7 11. Rfe1 Qf6 12. h3 Nd7 13. a3 Rfe8 14. Rxe8+ Rxe8 15. Rb1 b5 16. Ra1 a5 17. Rb1 Nb6 18. Ne2 h6 19. Kf1 a4 20. Qc3 Nc4 21. Ra1 Qe6 22. Nfg1 Qf5 23. g4 Qf6 24. Kg2 Bc7 25. b3 Ba5 26. b4 Bc7 27. Re1 Qd6 28. Ng3 Rxe1 29. Qxe1 Qe6 30. Qc3 Bxg3 31. Qxg3 Qe4+ 32. Nf3 Qxc2 33. Qb8+ Kh7 34. Ne5 Qe4+ 35. Nf3 Nd2 36. Qg3 Qxf3+ 37. Qxf3 Nxf3 38. Kxf3 g5 39. Ke3 Kg6 40. f4 f5 41. fxg5 Kxg5 42. gxf5 Kxf5 43. Kf3 Kg5 44. Kg3 Kh5 45. h4 Kg6 46. Kf4 Kf6 47. h5 Ke6 48. Ke3 Kf5 49. Kf3 Kg5 50. Kg3 Kxh5 51. Kf4 Kh4 52. Kf3 h5 53. Kf4 Kh3 54. Kf3 h4 55. Kf2 Kg4 56. Kg2 Kf4 57. Kh3 Ke4 58. Kxh4 Kxd4 59. Kg3 Kd3 60. Kf2 Kd2 61. Kf3 d4 62. Kf2 Kc2 63. Ke2 d3+ 64. Ke3 d2 65. Kd4 d1=Q+ 66. Kc5 Qd5+ 67. Kb6 Kb3 68. Ka5 Kxa3 69. Kb6 Kxb4 70. Ka6 c5 71. Kb6 Qd6+ 72. Kb7 Ka5 73. Ka7 Qc6 74. Kb8 Qd7 75. Ka8 Kb6 0-1

[Event "Quebec-ch B U20 Pepsico"]
[Site "Montreal CAN"]
[Date "2012.02.12"]
[Round "5"]
[White "Nazarian, Arash"]
[Black "Saha, Ananda"]
[Result "0-1"]
[WhiteElo "1297"]
[BlackElo "1351"]
[PlyCount "80"]
[GameId "2160767909572631"]
[EventDate "2012.02.10"]
[EventType "swiss"]
[EventRounds "5"]
[EventCountry "CAN"]
[SourceTitle "EXT 2022"]
[Source "ChessBase"]
[SourceDate "2021.10.06"]
[SourceVersion "1"]
[SourceVersionDate "2021.10.06"]
[SourceQuality "1"]

1. e4 e5 2. Nf3 Nc6 3. Bc4 Bc5 4. Nc3 Nf6 5. d3 h6 6. Nd5 d6 7. c3 Nxd5 8. Bxd5 Ne7 9. Bc4 Ng6 10. h3 O-O 11. b4 Bb6 12. Be3 Bxe3 13. fxe3 Be6 14. Bb3 a5 15. Bxe6 fxe6 16. d4 exd4 17. exd4 axb4 18. cxb4 Nh4 19. Qe2 Ra3 20. O-O Nxf3+ 21. Rxf3 Raxf3 22. gxf3 Qg5+ 23. Kh1 Qg3 24. Rf1 Qxh3+ 25. Kg1 Rf6 26. Rf2 Rg6+ 27. Rg2 Rxg2+ 28. Qxg2 Qxg2+ 29. Kxg2 b5 30. Kg3 Kf7 31. f4 Kf6 32. e5+ dxe5 33. fxe5+ Kf5 34. Kf3 g6 35. Ke3 h5 36. Kf3 g5 37. Ke3 g4 38. Kd3 h4 39. Ke3 h3 40. Kf2 Ke4 0-1

[Event "Quebec-ch B U20 Pepsico"]
[Site "Montreal CAN"]
[Date "2012.02.12"]
[Round "5"]
[White "Ouellet, Maili-Jade"]
[Black "Johnson-Constantin, Mathieu"]
[Result "0-1"]
[WhiteElo "1197"]
[BlackElo "1193"]
[PlyCount "126"]
[GameId "2160767909572632"]
[EventDate "2012.02.10"]
[EventType "swiss"]
[EventRounds "5"]
[EventCountry "CAN"]
[SourceTitle "EXT 2022"]
[Source "ChessBase"]
[SourceDate "2021.10.06"]
[SourceVersion "1"]
[SourceVersionDate "2021.10.06"]
[SourceQuality "1"]

1. d4 g6 2. c4 Bg7 3. Nc3 Nf6 4. e4 d6 5. f4 O-O 6. Nf3 b6 7. e5 Ne8 8. Be2 dxe5 9. fxe5 Nc6 10. Be3 Bf5 11. a3 Na5 12. h4 h5 13. b4 Nb7 14. Qd2 a5 15. b5 f6 16. Rd1 Rc8 17. Bh6 a4 18. Bxg7 Kxg7 19. exf6+ exf6 20. Bd3 Bxd3 21. Qxd3 Ned6 22. O-O Re8 23. Rde1 Nf5 24. Rxe8 Qxe8 25. Ne2 Qe3+ 26. Qxe3 Nxe3 27. Rc1 Re8 28. Nf4 Nd6 29. Nd2 Ndf5 30. d5 Kf7 31. Nf3 Nd6 32. c5 Nxb5 33. cxb6 cxb6 34. Rb1 Nxa3 35. Rxb6 Nac4 36. Ra6 a3 37. d6 Rd8 38. Ra7+ Kg8 39. Nxg6 Rxd6 40. Ne7+ Kf8 41. Ng6+ Ke8 42. Nf4 Ng4 43. Kf1 Rd1+ 44. Ke2 Ra1 45. Kd3 Nce5+ 46. Nxe5 Nxe5+ 47. Kc3 Rc1+ 48. Kb3 Rb1+ 49. Ka2 Rb2+ 50. Ka1 Nc4 51. g3 Kd8 52. Nxh5 Rg2 53. Ra4 Rc2 54. Nxf6 a2 55. h5 Ke7 56. Nd5+ Ke6 57. Nf4+ Kf6 58. Ra6+ Kg7 59. g4 Rf2 60. Ne6+ Kh7 61. g5 Nd2 62. Ra7+ Kg8 63. h6 Nb3# 0-1

[Event "Quebec-ch B U20 Pepsico"]
[Site "Montreal CAN"]
[Date "2012.02.12"]
[Round "5"]
[White "Rodrigue-Lemieux, Shawn"]
[Black "Plante, Santiago"]
[Result "0-1"]
[WhiteElo "770"]
[BlackElo "1228"]
[PlyCount "60"]
[GameId "2160767909572633"]
[EventDate "2012.02.10"]
[EventType "swiss"]
[EventRounds "5"]
[EventCountry "CAN"]
[SourceTitle "EXT 2022"]
[Source "ChessBase"]
[SourceDate "2021.10.06"]
[SourceVersion "1"]
[SourceVersionDate "2021.10.06"]
[SourceQuality "1"]

1. d4 Nf6 2. c4 g6 3. Nc3 Bg7 4. e4 d6 5. Bg5 h6 6. Bxf6 Bxf6 7. f4 O-O 8. e5 dxe5 9. fxe5 Bg7 10. Nf3 Bg4 11. Be2 Nd7 12. O-O c5 13. d5 Bxf3 14. Bxf3 Nxe5 15. Re1 Nxc4 16. Qe2 Bd4+ 17. Kh1 Ne3 18. Rab1 Qc7 19. Nb5 Qd8 20. Nxd4 cxd4 21. Qb5 Qb6 22. Qxb6 axb6 23. a3 Rac8 24. b4 Rc3 25. a4 Rfc8 26. b5 Ra3 27. Rb4 Rc4 28. Rxc4 Nxc4 29. Rxe7 Ra1+ 30. Re1 Rxe1# 0-1

[Event "Quebec-ch B U20 Pepsico"]
[Site "Montreal CAN"]
[Date "2012.02.12"]
[Round "5"]
[White "Saine, Zachary"]
[Black "Roussel, Lauriane"]
[Result "1-0"]
[WhiteElo "1284"]
[BlackElo "1003"]
[PlyCount "85"]
[GameId "2160767909572634"]
[EventDate "2012.02.10"]
[EventType "swiss"]
[EventRounds "5"]
[EventCountry "CAN"]
[SourceTitle "EXT 2022"]
[Source "ChessBase"]
[SourceDate "2021.10.06"]
[SourceVersion "1"]
[SourceVersionDate "2021.10.06"]
[SourceQuality "1"]

1. e4 e5 2. Nf3 Nc6 3. Bc4 Bc5 4. O-O Nf6 5. d3 O-O 6. c3 d5 7. exd5 Nxd5 8. Re1 Re8 9. Nbd2 Bf5 10. Nf1 e4 11. dxe4 Bxe4 12. Rxe4 Rxe4 13. Qxd5 Qxd5 14. Bxd5 Re2 15. Bc4 Rxf2 16. Ne3 Bxe3 17. Bxe3 Rxb2 18. Rf1 h6 19. Nd4 Ne5 20. Bb3 c5 21. Bf4 c4 22. Bxe5 cxb3 23. axb3 a5 24. Ra1 f6 25. Bc7 Rc8 26. Bxa5 Ra8 27. Ra4 Rc8 28. c4 Re8 29. Bc3 Rb1+ 30. Kf2 Rd1 31. Ra7 Rd3 32. Nb5 Rde3 33. h3 Re2+ 34. Kg1 Rc2 35. Kh2 Ree2 36. Kg3 Rxg2+ 37. Kf4 g5+ 38. Kf5 Rce2 39. Bxf6 Re8 40. Rxb7 Rg3 41. Kg6 Rxh3 42. Rg7+ Kf8 43. Rh7 1-0

[Event "Quebec-ch B U20 Pepsico"]
[Site "Montreal CAN"]
[Date "2012.02.12"]
[Round "5"]
[White "Serban, Diana"]
[Black "Guan, Zi Yu"]
[Result "1-0"]
[WhiteElo "1071"]
[BlackElo "982"]
[PlyCount "49"]
[GameId "2160767909572635"]
[EventDate "2012.02.10"]
[EventType "swiss"]
[EventRounds "5"]
[EventCountry "CAN"]
[SourceTitle "EXT 2022"]
[Source "ChessBase"]
[SourceDate "2021.10.06"]
[SourceVersion "1"]
[SourceVersionDate "2021.10.06"]
[SourceQuality "1"]

1. d4 Nf6 2. c4 e6 3. Bg5 Bb4+ 4. Nd2 h6 5. Bh4 d5 6. e3 Nc6 7. Ngf3 Na5 8. Qc2 Bd7 9. a3 Bxd2+ 10. Nxd2 Qe7 11. b4 Nxc4 12. Nxc4 dxc4 13. Qxc4 Rc8 14. Bd3 a6 15. e4 e5 16. Bc2 Bb5 17. Qc3 exd4 18. Qxd4 Rd8 19. Qc3 g5 20. Bg3 Nxe4 21. Qxh8+ Kd7 22. Qd4+ Nd6+ 23. Qe5 Qf8 24. Bf5+ Kc6 25. Qc5# 1-0

[Event "Quebec-ch B U20 Pepsico"]
[Site "Montreal CAN"]
[Date "2012.02.12"]
[Round "5"]
[White "Subotyak, Ivan"]
[Black "Morin-Pare, Victor"]
[Result "0-1"]
[WhiteElo "1354"]
[BlackElo "1295"]
[PlyCount "103"]
[GameId "2160767909572636"]
[EventDate "2012.02.10"]
[EventType "swiss"]
[EventRounds "5"]
[EventCountry "CAN"]
[SourceTitle "EXT 2022"]
[Source "ChessBase"]
[SourceDate "2021.10.06"]
[SourceVersion "1"]
[SourceVersionDate "2021.10.06"]
[SourceQuality "1"]

1. d4 Nf6 2. c4 g6 3. Nc3 Bg7 4. Nf3 O-O 5. e4 d6 6. Be2 e5 7. dxe5 dxe5 8. Qxd8 Rxd8 9. Nxe5 Nxe4 10. Nxe4 Bxe5 11. Bg5 Rd4 12. f3 Be6 13. b3 Rxe4 14. fxe4 Bxa1 15. O-O Bd4+ 16. Kh1 Nc6 17. Rd1 Bg7 18. Bf4 Nd4 19. Bf3 Nxf3 20. gxf3 c6 21. e5 Re8 22. Be3 Bxe5 23. Bxa7 Ra8 24. Be3 Rxa2 25. Rd8+ Kg7 26. f4 Bf6 27. Bd4 Bxd4 28. Rxd4 Bh3 29. Kg1 Rg2+ 30. Kh1 Rf2 31. Rd1 Rf1+ 32. Rxf1 Bxf1 33. c5 Kf6 34. Kg1 Bd3 35. Kf2 Ke6 36. Ke3 Bc2 37. b4 Kd5 38. Kd2 Kc4 39. Kxc2 Kxb4 40. Kd3 Kxc5 41. h4 Kd5 42. Ke3 b5 43. Kd3 b4 44. h5 c5 45. hxg6 hxg6 46. f5 c4+ 47. Kc2 Kd4 48. fxg6 fxg6 49. Kd2 c3+ 50. Kd1 Kd3 51. Kc1 c2 52. Kb2 0-1